1403 1277 1421 1726 1773 1891 1989 1696 1944 1055 1006 1314 1968 1042 1512 1322 1324 1065 1015 1331 1897 1662 1788 1145 1302 1535 1679 1047 1023 1587 1669 1451 1509 1739 1307 1314 1291 1089 1333 1811 1435 1944 1195 1761 1081 1754 1258 1743 1722 1293 1551 1232 1582 1922 1556 1551 1077 1105 1485 1491 1214 1316 1449 1240 1541 1199 1140 1935 1753 1638 1588 1299 1683 1939 1270 1734 1674 1958 1109 1293 1731 1742 1924 1593 1532 1984 1420 1786 1686 1270 1153 1441 1053 1949 1596 1814 1735 1198 1232 BCNSPRNW ULIB Ver.6.0+V

เปลี่ยนเป็นภาษาไทย

Change to English
 แสดงรายละเอียดบรรณานุกรม
  กลับหน้าหลัก

Brief Record : Get Marc (ISO 2709) : E-mail record : QR code < ปิดหน้าต่าง
LEADER : 00000nam 2200000uu 4500
001    13399121848
003     ULIB
008    121212s2551||||th 000 0 tha d
020    ^a9789740449287
060 04 ^aWE304^bก351ร 2551
245 00 ^aโรคเกาต์ /^cกองบรรณาธิการใกล้หมอ ; บรรณาธิการ, เอื้อมพรสกุลแก้ว
260    ^aกรุงเทพฯ :^bใกล้หมอ,^c2551
300    ^a143 หน้า ;^c21 ซม.
650  7 ^aข้ออักเสบ
650  7 ^aโรคเก๊าต์
700 0  ^aเอื้อมพร สกุลแก้ว,^eบรรณาธิการ
710 2  ^aกองบรรณาธิการใกล้หมอ
945    ^p165^l0^i15158
995    ^aกัณชพร
999 ^a ใช้งานได้ทุกระบบ
รายการนี้ยังไม่มีแท็ก
คุณยังไม่ได้ล็อกอิน คุณสามารถมีกิจกรรมร่วมกับเว็บไซต์ได้ แต่ต้องล็อกอินก่อน ::
  ล็อกอิน

รายการสื่อสารสนเทศ

ลำดับที่ ประเภท เลขเรียก/บาร์โค้ด สถานที่ สถานะ
- ไม่พบข้อมูล -

รายการใกล้เคียง
    หัวเรื่อง [ข้ออักเสบ]
    หัวเรื่อง [โรคเก๊าต์]

BibComment


ยังไม่เคยถูกคอมเมนท์

คอมเมนท์ทรัพยากรรายการนี้
  คอมเมนท์: โรคเกาต์ กองบรร..


 Copyright 2026. Bcnsprnw @Library